000
00304nam a2200109Ia 4500
008
210430s9999 xx 000 0 und d
082
_a
363.3 N575 C
100
_a
NFPA
245
_a
Code for Means of Egress for Buildings and Structures
_c
NFPA
260
_a
Islamabad
_b
photo copy
_c
2002
942
_c
BK
_2
ddc
999
_c
563443
_d
563443